Normal view
MARC view
- العجلوني،كامل محمد صالح؛م.مشارك موسى عبدالرحمن أبو جباره، م.مشاركنهلة موسى الخواجا،م.مشارك دانا عبد الحليم حياصات
Entry Personal Name
001 - CONTROL NUMBER
- control field: 62639
003 - CONTROL NUMBER IDENTIFIER
- control field: JO-AjAnu
005 - DATE AND TIME OF LATEST TRANSACTION
- control field: 20230606084229.0
008 - FIXED-LENGTH DATA ELEMENTS
- fixed length control field: 230606|| aca||aabn | a|a d
040 ## - CATALOGING SOURCE
- Original cataloging agency: JO-AjAnu
- Transcribing agency: JO-AjAnu
100 ## - HEADING--PERSONAL NAME
- Personal name: العجلوني،كامل محمد صالح؛م.مشارك موسى عبدالرحمن أبو جباره، م.مشاركنهلة موسى الخواجا،م.مشارك دانا عبد الحليم حياصات
670 ## - SOURCE DATA FOUND
- Source citation: Work cat.: (JO-AjAnu)31942: العجلوني،كامل محمد صالح؛م.مشارك موسى عبدالرحمن أبو جباره، م.مشاركنهلة موسى الخواجا،م.مشارك دانا عبد الحليم حياصات, author, الغدة الدرقية واعتلالاتها